Consorcios /

Guardado en:
Autor Principal: Orfila, Bartolomé A.
Formato: Libro
Idioma:Spanish
Publicado: Buenos Aires : Errepar, c2006.
Edición:2a. ed.
Series:Colección Práctica. Civil.
Materias:
Acceso en línea:Actualizaciones online
Etiquetas: Agregar Etiqueta
Sin Etiquetas, Sea el primero en etiquetar este registro!
LEADER 00974nam a22002535a 4500
001 EAD.ead001313
008 080307s2006####ag############001#0#spa#d
005 20150915131330.0
245 1 0 |a Consorcios /  |c Bartolomé A. Orfila. 
250 |a 2a. ed. 
260 |a Buenos Aires :  |b Errepar,  |c c2006. 
300 |a 539 p. ;  |c 28 cm. 
490 0 |a Colección Práctica. Civil 
500 |a "Actualización online"--Tapa. 
500 |a Incluye índices. 
505 0 |a Administradores -- Asambleas -- Expensas -- Práctica y jurisprudencia aplicada -- Propietarios: facultades, obligaciones, prohibiciones -- Responsabilidad del consorcio -- Aspectos laborales. 
020 |a 9870105416 
020 |a 9789870105411 
100 1 |a Orfila, Bartolomé A. 
830 0 |a Colección Práctica.  |p Civil. 
082 0 4 |a 647.92  |2 21 
653 |a Propiedad horizontal 
856 4 2 |3 Actualizaciones online  |u http://www.errepar.com/ 
859 |a AR-BaBDC  |b BIB. ADMINISTRACION - Libros  |h 647.92  |i Or14a2  |p b05657